| 000 | 00527nam a2200217Ia 4500 | ||
|---|---|---|---|
| 003 | OSt | ||
| 005 | 20220924142025.0 | ||
| 006 | a|||||r|||| 00| 0 | ||
| 007 | ta | ||
| 008 | 220923b |||||||| |||| 00| 0 ben d | ||
| 024 | _a300153 | ||
| 037 | _cTextual | ||
| 040 |
_aARTS _cARTS _bben |
||
| 041 |
_2ben _aben |
||
| 082 | _aV2:194044Q7:N65, 157K6;1 | ||
| 245 | 0 | _aKashmiri 65 | |
| 260 | _c1966 | ||
| 650 | _aHISTORY | ||
| 942 |
_hV2:194044Q7:N65, 157K6;1 _cTEXL _2CC |
||
| 999 |
_c449048 _d449048 |
||